Statistics for Countries With The Most Portuguese People

Click here to take the quiz!

General Stats

  • This quiz has been taken 37 times
  • The average score is 16 of 20

Answer Stats

TotalCountry% Correct
55,0 milBrazil
100%
10,6 milPortugal
97%
149,783Spain
97%
145,000United Kingdom
97%
750,000Canada
94%
2,1 milFrance
94%
1,4 milUnited States
94%
73,456Belgium
86%
172,984Germany
86%
46,550Netherlands
86%
48,000Argentina
83%
396,784Switzerland
83%
134,115Angola
78%
52,517Australia
78%
244,560China
78%
23,457Mozambique
64%
1,3 milVenezuela
58%
220,000South Africa
56%
119,045Luxembourg
44%
12,333Andorra
33%

Score Distribution

Percentile by Number Answered

Percent of People with Each Score

Your Score History

You have not taken this quiz